Zodpovednostné účtovníctvo - úlohy, ciele a predpoklady jeho účinného fungovania (Analýza danej problematiky aj vo vybranom podniku) diplomová práca

Guardado en:
Detalles Bibliográficos
Autor principal: Kišacová, Lenka
Autor Corporativo: Fakulta hospodárskej informatiky EU. Katedra účtovníctva a audítorstva
Otros Autores: Maděra, František
Formato: Libro
Lenguaje:eslovaco
Publicado: Bratislava 2009
Etiquetas: Agregar Etiqueta
Sin Etiquetas, Sea el primero en etiquetar este registro!

MARC

LEADER 00000nam$a2200000$$$4500
001 0100951
005 20240318135113.8
041 0 |a slo 
044 |a SK 
245 1 0 |a Zodpovednostné účtovníctvo - úlohy, ciele a predpoklady jeho účinného fungovania (Analýza danej problematiky aj vo vybranom podniku)  |b diplomová práca  |c Lenka Kišacová ; škol. František Maděra 
264 1 |a Bratislava  |c 2009 
300 |a 62 s. 
100 1 |a Kišacová, Lenka 
700 1 |a Maděra, František 
710 2 |a Fakulta hospodárskej informatiky EU. Katedra účtovníctva a audítorstva